Co tu kvete? : květena střední Evropy : více než 1000 planých rostlin /

Main Author: Spohn, Margot
Other Authors: Golte-Bechtle, Marianne, 1941-2023
Language: Czech
Published: Praha : Knižní klub, 2010
Edition: Vyd. 1.
Subjects:
Online Access: Digitalizovaný dokument
Physical Description: 399 s. : barev. il. ; 28 cm
Book
Saved in:
LEADER 01931nam a2200529 a 4500
001 nkc20091865849
003 CZ PrNK
005 20170807235013.0
007 ta
008 100708s2010 xr a e f 001 0 cze
015 |a cnb001865849 
020 |a 978-80-242-2479-4  |q (váz.) 
035 |a (OCoLC)655134586 
040 |a ABA001  |b cze 
041 1 |a cze  |h ger 
043 |a ec----- 
072 7 |a 58  |x Botanika  |2 Konspekt  |9 2 
080 |a 582  |2 MRF 
080 |a 582.099  |2 MRF 
080 |a 581.9  |2 MRF 
080 |a (4-191.2)  |2 MRF 
080 |a (084.42)  |2 MRF 
100 1 |a Spohn, Margot  |7 mzk2006337415  |4 aut 
245 1 0 |a Co tu kvete? :  |b květena střední Evropy : více než 1000 planých rostlin /  |c Margot Spohnová, Marianne Golte-Bechtleová ; [z německého originálu ... přeložila Hana Janáčková a Zdenka Podhajská] 
246 3 0 |a Květena střední Evropy 
250 |a Vyd. 1. 
260 |a Praha :  |b Knižní klub,  |c 2010 
300 |a 399 s. :  |b barev. il. ;  |c 28 cm 
500 |a Terminologický slovník 
504 |a Obsahuje bibliografii a rejstřík 
650 0 7 |a rostliny  |7 ph116070  |2 czenas 
650 0 7 |a kvetoucí rostliny  |7 ph165195  |2 czenas 
650 0 7 |a flóra  |7 ph114559  |z Evropa střední  |2 czenas 
650 0 9 |a plants  |2 eczenas 
650 0 9 |a flowering plants  |2 eczenas 
650 0 9 |a flora  |z Europe, Central  |2 eczenas 
655 7 |a atlasy  |7 fd131835  |2 czenas 
655 9 |a atlases  |2 eczenas 
700 1 |a Golte-Bechtle, Marianne,  |d 1941-2023  |7 mzk2003193091  |4 aut 
765 0 |t Was blüht denn da?  |9 Česky 
856 4 1 |u http://www.digitalniknihovna.cz/mzk/uuid/uuid:29a7a1b0-5035-11e7-aac4-005056827e51  |y Digitalizovaný dokument  |x NDK 
910 2 |a BOA001  |b 3-1245.137 
928 9 |a Euromedia Group - Knižní klub 
990 |a BK 
995 |a 01 
991 |b 201007  |c NOV  |j 58 SPO  |e n 
996 6 |b 2610441461  |c 3-1245.137  |l MZK  |r Sklad / do 1 hodiny  |n 1  |p p.v.  |w 001129804  |u 000010  |a 1  |e BOA001  |j MZK50  |s P